000 00832nam a2200229 a 4500
001 BRL_318
005 20190320210701.0
008 290713s1956----mx-a######---#000-0#spa-#
041 _aspa
044 _amx
050 4 _aNE1114.4.M4
_b.G73 1956
245 1 0 _aGrabados del Taller de Gráfica Popular
_b23 grabados y litografías de cada uno de los componentes del TGP.
260 _aMéxico
_b[Taller de Gráfica Popular]
_c1956
300 _a1 portafolio con 23 láminas sueltas
_bil., grabados y litografías
_c28 cm.
500 _aIncluye biografías de los artistas
500 _aAu2315
610 2 4 _aTaller de Gráfica Popular (Ciudad de México)
_923532
650 1 4 _aImpresiones mexicanas
_ySiglo XX
_zMéxico (Ciudad)
_923533
651 4 _aMéxico
_xCondiciones sociales
_ySiglo XX
_923534
902 _aGRL
942 _2lcc
_cB
999 _c9131
_d9131